Standards of Tubular Exchanger Manufacturers Association.

Guardado en:
Autor Corporativo: Tubular Exchanger Manufacturers Association.
Formato: Libro
Idioma:English
Publicado: New York : Association, 1959.
Edición:4th ed.
Materias:
Etiquetas: Agregar Etiqueta
Sin Etiquetas, Sea el primero en etiquetar este registro!
LEADER 00619nam a22001695a 4500
001 EIQ.libpla001757
008 061220s1959####nyu###########001#0#eng#d
005 20061220171356.0
245 1 0 |a Standards of Tubular Exchanger Manufacturers Association. 
250 |a 4th ed. 
260 |a New York :  |b Association,  |c 1959. 
300 |a xii, 134 p. (hojas sueltas) :  |b diagrs., tablas ;  |c 29 cm. 
650 4 |a Intercambiadores de calor  |x Estándares. 
650 4 |a Heat exchangers  |x Standards. 
040 |a AR-BbSID  |b spa  |c AR-BbSID 
110 2 |a Tubular Exchanger Manufacturers Association. 
859 |a AR-BbSID  |b BIB. PLAPIQUI  |h 621.4  |i T 79  |k R  |p 3798